Employee Relations The International Journal

Enregistré dans:
Détails bibliographiques
Format: Publication en série
Langue:anglais
Publié: Bingley Emerald Publishing
Tags: Ajouter un tag
Pas de tags, Soyez le premier à ajouter un tag!

MARC

LEADER 00000nas1a2200000 4500
001 0303194
005 20250627112954.4
022 |a 0142-5455 
022 |a 1758-7069 
041 0 |a eng 
044 |a GB 
245 1 0 |a Employee Relations  |b The International Journal 
264 1 |a Bingley  |b Emerald Publishing